书目信息 |
| 题名: |
别让骗子忽悠了你
|
|
| 作者: | 亚梅 , 张瑞 , 文化 著 | |
| 分册: | ||
| 出版信息: | 北京 中国工人出版社 2007.07 |
|
| 页数: | 222页 | |
| 开本: | 24cm | |
| 丛书名: | ||
| 单 册: | ||
| 中图分类: | C913.8 | |
| 科图分类: | ||
| 主题词: | 诈骗--zha pian--鉴别--基本知识 | |
| 电子资源: | ||
| ISBN: | 978-7-5008-3846-3 | |
| 000 | 00942nam0 2200265 450 | |
| 001 | 012008900230 | |
| 005 | 20080109113944.45 | |
| 010 | @a978-7-5008-3846-3@dCNY22.00 | |
| 100 | @a20080109d2007 em y0chiy0120 ea | |
| 101 | 0 | @achi |
| 102 | @aCN@b110000 | |
| 105 | @ay z 000yy | |
| 106 | @ar | |
| 200 | 1 | @a别让骗子忽悠了你@Abie rang pian zi hu you le ni@e生活中不可不知的100个骗术@f亚梅, 张瑞, 文化著@Fya mei,zhang rui,wen hua zhu |
| 210 | @a北京@c中国工人出版社@d2007.07 | |
| 215 | @a222页@d24cm | |
| 330 | @a本书精选出100个典型骗局,从中了解这些骗局的套路,即使骗子设计的圈套再花样翻新,也不会轻易上当。 | |
| 517 | 1 | @a生活中不可不知的100个骗术@Asheng huo zhong bu ke bu zhi de 100 ge pian shu |
| 606 | 0 | @a诈骗@Azha pian@x鉴别@x基本知识 |
| 690 | @aC913.8@v4 | |
| 701 | 0 | @a亚梅@Aya mei@4著 |
| 701 | 0 | @a张瑞@Azhang rui@4著 |
| 701 | 0 | @a文化@Awen hua@4著 |
| 801 | 0 | @aCN@bQSSK@c20080109 |
| 905 | @b276157-59@dC913.8@eY021@f3 | |
| 别让骗子忽悠了你:生活中不可不知的100个骗术/亚梅, 张瑞, 文化著.-北京:中国工人出版社,2007.07 |
| 222页;24cm |
| ISBN 978-7-5008-3846-3:CNY22.00 |
| 本书精选出100个典型骗局,从中了解这些骗局的套路,即使骗子设计的圈套再花样翻新,也不会轻易上当。 |
| ● |
| 相关链接 |
|
|
|
正题名:别让骗子忽悠了你
索取号:C913.8/Y021
 
预约/预借
| 序号 | 登录号 | 条形码 | 馆藏地/架位号 | 状态 | 备注 |
| 1 | 276157 | 202761573 | 社科库509/422社科库 47排4列1层/ [索取号:C913.8/Y021] | 在馆 | |
| 2 | 276158 | 202761582 | 社科库509/422社科库 40排3列1层/ [索取号:C913.8/Y021] | 在馆 | |
| 3 | 276159 | 202761591 | 社科库509/509社科库 62排6列4层/ [索取号:C913.8/Y021] | 在馆 |